000 00395nam a22001457a 4500
008 241001b |||||||| |||| 00| 0 eng d
020 _a9788195815869
082 _a687
_bSAC
100 _aSAXENA, Shweta
245 _aClothing Textiles
260 _aGhaziabad:
_bNorthern India Textile Research Association,
_c2024.
650 _aTextile
700 _aArindam Basu (Ed.)
942 _2ddc
_cBK
999 _c12920
_d12920